| 000 | 01587nam a2200241Ia 4500 | ||
|---|---|---|---|
| 999 |
_c36295 _d36295 |
||
| 001 | 2202 | ||
| 003 | GE_BSU | ||
| 005 | 20190527141421.0 | ||
| 008 | 181216s1982||||ge |||||||||||||| ||geo|| | ||
| 040 | _cGE_BSU | ||
| 041 | _ageo | ||
| 080 | _a94(479.22.479.25) მ–17 | ||
| 100 |
_aმაისურაძე, გურამ _91627 |
||
| 245 |
_aქართველი და სომეხი ხალხების ურთიერთობა XIII-XVIII საუკუნეებში / _cგურამ მაისურაძე ; საქართველოს სსრ მეცნერებათა აკადემია ; ივ.ჯავახიშვილის სახ.ისტორიის, არქეოლოგიისა და ეთნოგრაფიის ინსტიტუტი ; რედ.: გ. პაიჭაძე. |
||
| 264 |
_aთბილისი : _bმეცნიერება, _c1982 |
||
| 300 |
_a330 გვ. _b20 სმ. |
||
| 520 | _aრეზ. რუს.. | ||
| 653 | _aსაქართველო-სომხეთის ურთიერთობის ისტორია | ||
| 700 |
_aპაიჭაძე, გ. _eრედაქტორი _91628 |
||
| 710 |
_aივ. ჯავახიშვილის სახ. ისტორიის, არქეოლოგიისა და ეთნოგრაფიის ინ-ტი _91177 |
||
| 710 |
_aსაქართველოს სსრ მეცნერებათა აკადემია _91629 |
||
| 942 |
_cBK _2udc |
||